| 000 | 00410nam a2200169Ia 4500 | ||
|---|---|---|---|
| 005 | 20250508152653.0 | ||
| 008 | 008 250505s9999 xx 000 0 hin d | ||
| 037 | _aTextual | ||
| 040 |
_aFEDL _beng _cFEDL |
||
| 041 |
_ahin _2eng |
||
| 084 |
_aFH, MIT _qFEDL |
||
| 100 | _aMitra Vimal | ||
| 245 | 0 | _aSahib bibi gulam | |
| 300 | _a517p. | ||
| 942 |
_cTEXL _hFH, MIT |
||
| 999 |
_c1337930 _d1337930 |
||